[Event "Panevezys Elite Open 2019"]
[Site "Panevezys"]
[Date "2019.06.26"]
[Round "4.9"]
[White "Krykun, Yuriy"]
[Black "Harshita Guddanti"]
[Result "1-0"]
[WhiteElo "2342"]
[BlackElo "2072"]
[Annotator "TA"]
[PlyCount "85"]
[EventDate "2019.06.24"]
[EventType "swiss"]
[EventCountry "LTU"]
[SourceTitle "playchess.com"]
[Source "ChessBase"]
[SourceQuality "1"]

{[%evp 12,85,33,18,40,42,56,52,95,68,101,57,64,64,78,68,88,71,83,72,70,71,70,63,72,15,14,17,58,36,37,13,75,75,75,83,198,194,197,192,183,174,320,304,340,325,489,503,716,707,566,378,539,531,479,457,2427,506,1147,1127,1176,1166,2484,1048,968,988,1487,888,925,829,818,780,859,833,1366,836]} 1. c4 Nf6 2. Nc3 e6 3. e4 d5 4. e5 d4 5. exf6 dxc3 6. bxc3 Qxf6 7. Nf3 Qd8 {A18: English Opening: Flohr-Mikenas System (1 c4 Nf6 2 Nc3 e6 3 e4)} (7... b6 8. d4 Bb7 9. Bd3 h6 10. O-O Bd6 11. Nd2 O-O 12. Re1 Qh4 13. h3 c5 14. Ne4 Bc7 15. Rb1 Nd7 16. Nxc5 Nxc5 17. dxc5 {½-½ (26) Radjabov,T (2751)-Wojtaszek,R (2727) Batumi 2018}) 8. d4 Be7 9. Bd3 Nd7 {White is slightly better.} 10. O-O O-O 11. Bc2 $146 ({Predecessor:} 11. c5 c6 12. Qa4 Nxc5 13. Bxh7+ Kxh7 14. dxc5 Qd5 15. Be3 Qf5 16. Rfe1 e5 17. Bg5 f6 18. Rxe5 fxe5 19. Bxe7 Re8 20. Re1 Qf4 21. Re4 Qc1+ 22. Re1 Qf4 23. Re4 {½-½ (23) Zwardon,V (2455)-Roubalik,J (2410) Czech Republic 2019}) 11... Re8 12. Qd3 (12. a4 {seems wilder.} a5 13. Qd3 Nf8 14. Qe2 f6 15. Rd1) 12... g6 13. Bf4 Bf6 14. Rfe1 b6 15. Qe3 Ba6 16. Bb3 c5 17. Rad1 Qc8 18. Qc1 (18. Ba4 $16) 18... Bb7 $11 19. Ne5 Nxe5 20. Bxe5 Bxe5 21. dxe5 Rd8 (21... Bc6 $11 {remains equal.}) 22. Qg5 $16 Qc7 23. h4 Rd7 (23... Re8 $16 {was called for.}) 24. Rxd7 $18 Qxd7 25. Rd1 Qc6 26. f3 $1 h5 (26... Qe8 {was necessary.} 27. h5 Rb8) 27. Rd6 Qe8 28. Bc2 Bc6 (28... b5 {might work better.} 29. cxb5 Bd5) 29. Kf2 Rc8 30. g4 hxg4 31. fxg4 Qf8 (31... Ba4 {was worth a try.}) 32. h5 {White is clearly winning.} Be8 33. Ke3 f6 (33... Rb8 $142 34. hxg6 Qg7) 34. Qxf6 (34. exf6 $142 Rc7 {[#]} 35. Rd8 $1 {[%mdl 512]} Rf7 36. Bxg6 Rxf6 37. Rxe8 Rf3+ 38. Ke4 $1 {[%mdl 512]} Qxe8 {[%mdl 64] Remove Defender} 39. Bxe8+ Kf8 40. Kxf3) 34... Qh6+ (34... Qxf6 $142 35. exf6 gxh5) 35. g5 Qxh5 36. Qxe6+ {[%mdl 64] Double Attack} Kf8 37. Qxc8 (37. Qf6+ $142 Kg8 38. Qe6+ {[%mdl 64] Double Attack} Kf8 39. Qxc8 Qxg5+ 40. Kf3 Qh5+ 41. Qg4 Qxe5 42. Qf4+ Qxf4+ 43. Kxf4) 37... Qxg5+ 38. Kf3 {Hoping for Rf6+.} Qxe5 39. Qe6 Qh5+ 40. Qg4 Qh1+ 41. Qg2 Qh5+ 42. Kf2 Ke7 43. Rd3 {Accuracy: White = 66%, Black = 24%.} 1-0

[Event "Panevezys Elite Open 2019"]
[Site "Panevezys"]
[Date "2019.06.26"]
[Round "4.10"]
[White "Sulskis, Sarunas"]
[Black "Kaunas, Kestutis"]
[Result "1-0"]
[WhiteElo "2528"]
[BlackElo "2151"]
[Annotator "TA"]
[PlyCount "57"]
[EventDate "2019.06.24"]
[EventType "swiss"]
[EventCountry "LTU"]
[SourceTitle "playchess.com"]
[Source "ChessBase"]
[SourceQuality "1"]

{[%evp 13,57,24,37,0,25,25,100,85,101,97,100,96,94,93,85,85,92,85,120,105,147,142,143,148,148,143,150,132,119,104,87,141,268,262,321,295,510,507,683,664,730,731,812,804,751,707]} 1. e4 Nf6 2. e5 Nd5 3. d4 d6 4. c4 Nb6 5. f4 dxe5 6. fxe5 Bf5 7. Nc3 e6 8. Be3 {B03: Alekhine's Defence: Four Pawns Attack} (8. Nf3 Nc6 9. Be3 Be7 10. d5 exd5 11. cxd5 Nb4 12. Nd4 Bd7 13. Qf3 c5 14. Nf5 O-O 15. O-O-O Bg5 16. Nxg7 Bxe3+ 17. Qxe3 Kxg7 18. e6 fxe6 19. dxe6 Qe7 20. Qg3+ Kh8 21. exd7 Nxd7 {0-1 (67) Morozevich,A (2656)-Demidov,M (2520) Khanty-Mansiysk 2018}) 8... Be7 9. Nf3 O-O (9... Nc6 $11 {remains equal.}) 10. Bd3 $16 {White is better.} Bxd3 11. Qxd3 Na6 {[%cal Bb8a6,Ba6b4,Bb4c2][%mdl 32]} 12. Rd1 $146 ({Predecessor:} 12. a3 c5 13. d5 exd5 14. cxd5 c4 15. Qe4 {1-0 (55) Rot,Y (2125)-Zilberman,Y (2467) Tel Aviv 2002}) 12... c5 13. d5 exd5 14. Nxd5 Nb4 15. Qe4 ({Reject} 15. Nxe7+ Qxe7 16. Qe2 Nxa2 $11) 15... N6xd5 16. cxd5 f5 {[#]} 17. Qc4 $1 {aiming for d6+.} b5 18. Qxb5 Nc2+ 19. Kf2 {Strongly threatening d6.} Rb8 20. Qc4 Nxe3 21. Kxe3 {And now d6+ would win.} Rb4 {[#]} 22. Qc3 $1 $36 {[%mdl 2048] White has strong initiative.} f4+ (22... Qa5 $16) 23. Kf2 $18 Qb6 24. d6 Bd8 $2 (24... c4+ {was necessary.} 25. Ke2 Bd8) 25. Rhe1 {White is clearly winning.} c4+ 26. Kf1 Rxb2 {[%csl Gb2][%cal Rb6f2]} 27. Re2 Rxe2 28. Qxc4+ {[%mdl 64] Double Attack} ({Weaker is} 28. Kxe2 Qa6 $18) 28... Kh8 29. Qxe2 {Accuracy: White = 88%, Black = 49%.} 1-0

[Event "Panevezys Elite Open 2019"]
[Site "Panevezys"]
[Date "2019.06.26"]
[Round "4.11"]
[White "Semjonovs, Ilja"]
[Black "Kalinowska, Zuzanna"]
[Result "1/2-1/2"]
[WhiteElo "2383"]
[BlackElo "2093"]
[Annotator "TA"]
[PlyCount "75"]
[EventDate "2019.06.24"]
[EventType "swiss"]
[EventCountry "LTU"]
[SourceTitle "playchess.com"]
[Source "ChessBase"]
[SourceQuality "1"]

{[%evp 9,75,20,36,32,29,29,35,18,19,22,40,-4,43,0,45,0,43,31,31,21,32,-63,-20,-24,-6,-8,6,6,34,35,29,-9,-12,-14,41,0,0,0,0,0,5,-36,0,-3,0,0,0,0,0,0,0,0,0,0,0,0,0,0,0,0,0,-8,0,0,0,0,0,0]} 1. Nf3 Nf6 2. c4 d6 3. g3 e5 4. d3 Be7 5. Bg2 Nbd7 6. Nc3 {A15: English Opening: 1...Nf6} c6 7. O-O Nf8 (7... O-O 8. a3 a5 9. Rb1 Re8 10. b4 axb4 11. axb4 Nf8 12. Bb2 Ng6 13. Qb3 h6 14. b5 Be6 15. Rfd1 Bf8 16. Ba3 Qc8 17. Nd2 {½-½ (51) Hera,I (2608)-Berkes,F (2648) Zuerich 2017}) 8. b4 {White is slightly better.} Ng6 9. Rb1 Bd7 $146 ({Predecessor:} 9... Bg4 10. b5 Qd7 11. bxc6 bxc6 12. Qa4 O-O 13. Ng5 d5 14. cxd5 cxd5 15. Qxd7 Bxd7 16. Nxd5 Nxd5 17. Bxd5 Rab8 18. h4 {1-0 (18) Gosztolya,F (1955)-Hajagos,J (1992) Hungary 2016}) 10. a4 Qc8 11. Re1 Bh3 12. Bh1 h5 13. b5 h4 14. bxc6 bxc6 15. e4 (15. Qb3 $14) 15... Nh5 16. Ng5 hxg3 17. fxg3 Bg4 18. Bf3 Bxf3 19. Qxf3 Nf6 20. Be3 O-O 21. Qf5 Qa6 (21... d5 $11 22. cxd5 cxd5 23. Nxd5 Nxd5 24. Qxc8 Raxc8 25. exd5 Rfd8) 22. h4 (22. Ne6 $5) 22... Rfb8 23. h5 Nf8 24. h6 g6 $132 {[%mdl 2048] Black is not keeping still} 25. Qh3 N8h7 26. Rf1 {The position is equal.} Qa5 27. Nxh7 Kxh7 28. Rbc1 {Threatens to win with Bg5.} Rb3 29. Bg5 Rxc3 30. Rxc3 Qxc3 31. Bxf6 Bxf6 32. Rxf6 $11 {[%mdl 4160] Endgame Double Attack. KQR-KQR} Qd4+ 33. Kh2 Rf8 34. Qd7 Qxd3 {Hoping for ...Qe2+.} 35. Qxd6 Qe2+ {[#]} 36. Kg1 $1 {[%mdl 512]} Qe1+ {[#]} 37. Kh2 $1 {[%mdl 512]} Qe2+ {[#]} 38. Kg1 $1 {[%mdl 512] Accuracy: White = 51%, Black = 51%.} 1/2-1/2

[Event "Panevezys Elite Open 2019"]
[Site "Panevezys"]
[Date "2019.06.26"]
[Round "4.12"]
[White "Stasans, Aivars"]
[Black "Sliwicka, Alicja"]
[Result "1/2-1/2"]
[WhiteElo "2039"]
[BlackElo "2261"]
[Annotator "TA"]
[PlyCount "87"]
[EventDate "2019.06.24"]
[EventType "swiss"]
[EventCountry "LTU"]
[SourceTitle "playchess.com"]
[Source "ChessBase"]
[SourceQuality "1"]

{[%evp 9,87,19,41,28,38,-2,-2,-28,-29,-56,-53,-62,-33,-33,-37,-41,-31,-69,-66,-72,-62,-62,-50,-77,-88,-73,-25,-20,-23,-32,33,27,25,-87,0,0,35,29,63,28,73,77,105,103,118,107,213,225,287,284,312,307,305,302,293,39,426,416,410,414,485,405,551,365,371,354,364,372,372,335,331,343,319,3,54,0,0,0,6,0]} 1. e4 e5 2. Nf3 Nc6 3. Nc3 Nf6 4. a3 d6 5. d4 Bg4 6. Bb5 {White wants to play d5. C47: Scotch Four Knights and Four Knights with 4 g3} (6. dxe5 dxe5 7. Qxd8+ Rxd8 8. Bb5 Bxf3 9. gxf3 Bd6 10. Bg5 O-O 11. Bxf6 gxf6 12. Nd5 Nd4 13. Bd3 Nxf3+ {½-½ (55) Safarli,E (2639)-Anton Guijarro,D (2666) Riadh 2017}) 6... Nd7 7. Bxc6 bxc6 8. d5 cxd5 9. Qxd5 Be7 $146 ({Predecessor:} 9... Nb6 10. Qd3 Be7 11. h3 Be6 12. b3 O-O 13. Bb2 {1-0 (31) Ivanov,S (2313)-Krasyakov,A (1920) Petrozavodsk 2008}) 10. Be3 Nb6 11. Qb5+ Bd7 12. Qe2 c6 13. Nd2 O-O 14. O-O Be6 15. Rfd1 f5 16. f3 f4 17. Bf2 Qe8 18. a4 {[%cal Ba3a4,Ba4a5][%mdl 32]} Qf7 19. b3 h5 ({Better is} 19... Rfc8 $15) 20. a5 $1 $14 {[%cal Ra5b6]} Nd7 21. Ra4 (21. Nc4 $1 $11 {remains equal.}) 21... Rfd8 (21... d5 $17) 22. Nc4 $11 Nf8 23. a6 Ng6 24. Na5 $36 {[%mdl 2048] White is pushing.} Rdc8 25. Nb7 $1 {[%cal Rb7d6]} d5 26. exd5 $1 {[%mdl 64] Overworked Piece} cxd5 27. Nb5 Qf5 (27... Bf5 $16) 28. c4 $18 {Strongly threatening N7d6.} Qg5 29. cxd5 Bh3 {[%csl Gh3][%cal Rg5g2] [#]} 30. Be1 $1 (30. Bxa7 $2 Nh4 $19) 30... Bd7 31. d6 Bd8 32. Ra2 $2 (32. Nxd8 $18 Bxb5 33. Qxb5) 32... e4 $2 {[%mdl 8192]} ({Black should play} 32... Bb6+ $14 33. Bf2 Bxf2+ 34. Kxf2 e4) 33. Nc7 $1 {[%mdl 64] Decoy} Bxc7 34. Qc4+ ({Weaker is} 34. dxc7 Rxc7 35. Qxe4 (35. fxe4 Bg4 $15) 35... Re8 $16) 34... Kh7 {...Bb6+ is the strong threat.} 35. dxc7 Bb5 36. Rd5 Bxc4 37. Rxg5 Bxb3 38. Rxh5+ Kg8 39. Ra3 Rxc7 40. Rxb3 Rc1 {[#]} 41. Rc5 $2 ({Less strong is} 41. fxe4 Rxe1+ 42. Kf2 Rxe4 $16) (41. Kf2 $1 $18) 41... Rxe1+ $11 42. Kf2 Ra1 {And now ...e3+ would win.} 43. fxe4 Rxa6 44. Na5 {Accuracy: White = 47%, Black = 46%.} 1/2-1/2

[Event "Panevezys Elite Open 2019"]
[Site "Panevezys"]
[Date "2019.06.26"]
[Round "4.13"]
[White "Zaura, Vidmantas"]
[Black "Gleizerov, Evgeny"]
[Result "0-1"]
[WhiteElo "2223"]
[BlackElo "2495"]
[Annotator "TA"]
[PlyCount "104"]
[EventDate "2019.06.24"]
[EventType "swiss"]
[EventCountry "LTU"]
[SourceTitle "playchess.com"]
[Source "ChessBase"]
[SourceQuality "1"]

{[%evp 14,104,30,25,26,28,22,19,36,18,43,31,38,15,41,0,12,0,33,33,33,26,40,35,42,37,53,31,46,46,51,60,53,54,54,31,63,51,45,27,40,25,28,20,27,-27,-27,-27,-14,-11,-13,-109,-106,-284,-266,-267,-226,-214,-172,-544,-544,-440,-561,-579,-518,-559,-526,-578,-580,-388,-10,-11,-8,-12,-12,-13,-8,-8,-8,-8,-8,-8,-8,-137,-137,-29977,-29978,-29978,-29973,-29976,-29976,-29977,-29974]} 1. e4 e6 2. d4 d5 3. exd5 exd5 4. Nf3 Nf6 5. Bd3 c5 6. O-O c4 7. Re1+ Be7 8. Bf1 O-O {C01: French: Exchange Variation} 9. b3 cxb3 10. axb3 Nc6 {The position is equal.} 11. Ne5 (11. Bf4 Bf5 12. c3 Rc8 13. Nbd2 a6 14. b4 h6 15. Nb3 Ne4 16. Rc1 {0-1 (40) Tregubov,P (2592)-Sychev,K (2537) St Petersburg 2018}) 11... Nxe5 12. dxe5 Ne4 13. Ba3 Bxa3 14. Rxa3 $146 ({Predecessor:} 14. Nxa3 Qb6 15. Re3 Be6 16. Nb5 {1-0 (34) Gvetadze,S (2338)-Zhukova,N (2442) Batumi 2012}) 14... Qb6 15. Qf3 f6 16. Qe3 Qxe3 17. Rxe3 fxe5 18. f3 Nf6 $1 19. Rxe5 Bd7 20. Bd3 a6 21. Nc3 Rfe8 22. Rxe8+ Rxe8 23. Kf2 Kf7 24. Ra1 Rc8 25. Ne2 Ke6 26. Re1 Kd6 27. g4 h6 28. Nd4 Kc5 29. Ne6+ (29. c3 $142) 29... Bxe6 $1 $11 30. Rxe6 Re8 31. Rxe8 Nxe8 {[%mdl 4096] Endgame KB-KN} 32. Ke3 {[#]} (32. c3 $11 {remains equal.}) 32... d4+ $1 $17 33. Ke4 $2 (33. Ke2 $17) 33... a5 $19 34. b4+ Kxb4 ({Weaker is} 34... axb4 35. Ke5 $15) 35. Kxd4 Nd6 36. c3+ $2 (36. Bh7 {is tougher.}) 36... Kb3 37. c4 {intending c5.} b6 38. c5 bxc5+ 39. Kxc5 Kc3 40. Bg6 Nc4 41. Be8 {[#]} Ne5 $2 (41... g5 $1 $19 {Hoping for ...Ne5.} 42. h3 Ne5) 42. h4 $1 $11 Kb3 (42... Nxf3 $5 43. g5 $8 hxg5 44. hxg5 Kb3 45. Bf7+ Ka3 $11) 43. g5 hxg5 44. hxg5 a4 {[%cal Ba5a4,Ba4a3][%mdl 32] Threatens to win with ...a3.} 45. f4 $1 Nd3+ {[%mdl 64] Double Attack} 46. Kd4 Nxf4 {Strongly threatening ...a3.} 47. Ke4 $1 Ng2 {aiming for ...a3.} 48. Kf3 (48. Kf5 $1 $11 {was the only way to keep the balance.}) 48... Ne1+ $17 49. Ke4 $2 {[%mdl 8192]} (49. Ke2 $17 Nc2 50. Kd2) 49... a3 {Black mates.} 50. Kf5 Kb2 51. Bf7 Nf3 52. Bd5 Nd4+ {Accuracy: White = 39%, Black = 66%.} 0-1

[Event "Panevezys Elite Open 2019"]
[Site "Panevezys"]
[Date "2019.06.26"]
[Round "5.1"]
[White "Krishna Teja, N."]
[Black "Brazdzionis, Andrius"]
[Result "*"]
[WhiteElo "2357"]
[BlackElo "2337"]
[Annotator "TA"]
[PlyCount "35"]
[EventDate "2019.06.24"]
[EventType "swiss"]
[EventCountry "LTU"]
[SourceTitle "playchess.com"]
[Source "ChessBase"]
[SourceQuality "1"]

{[%evp 9,35,23,23,13,30,28,29,19,31,29,32,30,39,35,41,34,36,39,46,44,31,42,39,24,24,27,18,24]} 1. d4 d5 2. c4 e6 3. Nc3 a6 4. cxd5 exd5 5. Nf3 Nf6 6. Bg5 {D37: Queen's Gambit Declined: 5 Bf4} Be6 7. e3 Nbd7 8. Bd3 {White has an edge.} Bd6 (8... h6 9. Bf4 g5 10. Bg3 Nh5 11. Be5 Nhf6 12. Bg3 Nh5 13. Ne2 Nxg3 14. Nxg3 {1-0 (61) Leko,P (2679)-Caruana,F (2832) Germany 2019}) 9. O-O O-O 10. h3 h6 11. Bf4 Qe7 12. Rc1 Rac8 13. a3 $146 ({Predecessor:} 13. Qd2 c5 14. Bxd6 Qxd6 15. dxc5 Nxc5 {½-½ (48) Rosen,L (2363)-Baranowski,T (2400) ICCF email 2014}) 13... c5 14. Bxd6 Qxd6 15. dxc5 Nxc5 16. b4 Nxd3 17. Qxd3 Rc4 18. Nd2 {Accuracy: White = 100%, Black = 84%.} *

[Event "Panevezys Elite Open 2019"]
[Site "Panevezys"]
[Date "2019.06.26"]
[Round "5.2"]
[White "Laurusas, Tomas"]
[Black "Badelka, Olga"]
[Result "*"]
[WhiteElo "2507"]
[BlackElo "2391"]
[Annotator "TA"]
[PlyCount "35"]
[EventDate "2019.06.24"]
[EventType "swiss"]
[EventCountry "LTU"]
[SourceTitle "playchess.com"]
[Source "ChessBase"]
[SourceQuality "1"]

{[%evp 18,35,31,20,30,30,35,34,51,43,32,22,40,40,41,40,40,30,37,30]} 1. c4 Nf6 2. Nf3 e6 3. g3 b6 4. Bg2 Bb7 5. O-O Be7 6. Nc3 O-O 7. d4 Ne4 8. Bd2 Bf6 9. Rc1 c5 10. d5 (10. dxc5 {looks sharper.} bxc5 11. Qb3 Bxc3 12. Bxc3 Nxc3 13. Qxc3 Nc6 14. Rfd1) 10... Bxc3 {E18: Queen's Indian: Old Main Line (4 g3 Bb7 5 Bg2 Be7 6 0-0 0-0 7 Nc3)} (10... exd5 11. cxd5 Nxd2 12. Nxd2 d6 13. Nde4 Be7 14. f4 f5 15. Nf2 Ba6 16. a4 Bf6 17. Re1 Nd7 18. e3 Rb8 19. Qc2 g6 20. Nb5 Bxb5 21. axb5 Bg7 22. Bh3 {1-0 (41) Carlsen,M (2857)-Cordova,E (2638) Baku 2016}) 11. Bxc3 exd5 12. cxd5 Nxc3 13. Rxc3 d6 14. Re1 Nd7 15. e4 Re8 16. Nd2 $146 ({Predecessor:} 16. Nh4 g6 17. f4 Qf6 18. Qd2 Rac8 19. Nf3 Qg7 20. Bh3 Rcd8 21. Bxd7 Rxd7 22. Rce3 f6 23. Qd3 Rdd8 24. R1e2 Qd7 25. b3 {½-½ (25) Darvasi,F-Janosi,L Hungary 1990}) 16... b5 17. Bf1 a6 18. a4 *

[Event "Panevezys Elite Open 2019"]
[Site "Panevezys"]
[Date "2019.06.26"]
[Round "5.3"]
[White "Harutjunyan, Gevorg"]
[Black "Rudzinska, Michalina"]
[Result "*"]
[WhiteElo "2446"]
[BlackElo "2143"]
[Annotator "NA RC"]
[PlyCount "45"]
[EventDate "2019.06.24"]
[EventType "swiss"]
[EventCountry "LTU"]
[SourceTitle "playchess.com"]
[Source "ChessBase"]
[SourceQuality "1"]
[TimeControl "40/5400+30:1800+30"]

1. e4 {[%emt 0:00:00]} c5 {[%emt 0:00:00]} 2. Nf3 {[%emt 0:00:00]} e6 {[%emt 0:00:00]} 3. d4 {[%emt 0:00:00]} cxd4 {[%emt 0:00:00]} 4. Nxd4 {[%emt 0:00:00]} a6 {[%emt 0:00:00]} 5. Nc3 {[%emt 0:00:01]} b5 {[%emt 0:00:02]} 6. Bd3 {[%emt 0:00:15]} Bb7 {[%emt 0:00:42]} 7. O-O {[%emt 0:00:30]} Qc7 {[%emt 0:00:09]} 8. Re1 {[%emt 0:01:36]} d6 {[%emt 0:00:20]} 9. Bg5 {[%emt 0:03:19]} Nc6 {[%emt 0:16:49]} 10. Nxc6 {[%emt 0:10:33]} Bxc6 {[%emt 0:00:49]} 11. a4 {[%emt 0:00:20]} b4 {[%emt 0:00:35]} 12. Nd5 {[%emt 0:00:16]} Qb7 {[%emt 0:01:19]} 13. a5 {[%emt 0:01:32]} h6 {[%emt 0:13:14]} 14. Bd2 {[%emt 0:04:49]} Be7 {[%emt 0:08:00]} 15. Nxb4 {[%emt 0:02:25]} Nf6 {[%emt 0:01:37]} 16. Qe2 {[%emt 0:01:56]} Bxe4 {[%emt 0:05:31]} 17. Bxe4 {[%emt 0:01:25]} d5 {[%emt 0:00:07]} 18. Nxd5 {[%emt 0:04:38]} exd5 {[%emt 0:00:49]} 19. Bf3 {[%emt 0:00:57]} Rd8 {[%emt 0:02:33]} 20. Ra3 {[%emt 0:02:32]} Ne4 {[%emt 0:01:07]} 21. Rb3 {[%emt 0:01:47]} Qd7 {[%emt 0:01:58]} 22. Bxe4 {[%emt 0:02:23]} dxe4 {[%emt 0:00:05]} 23. Qxe4 {[%emt 0:00:19]} *

[Event "Panevezys Elite Open 2019"]
[Site "Panevezys"]
[Date "2019.06.26"]
[Round "5.4"]
[White "Kubicka, Anna"]
[Black "Krykun, Yuriy"]
[Result "*"]
[WhiteElo "2162"]
[BlackElo "2342"]
[Annotator "TA"]
[PlyCount "34"]
[EventDate "2019.06.24"]
[EventType "swiss"]
[EventCountry "LTU"]
[SourceTitle "playchess.com"]
[Source "ChessBase"]
[SourceQuality "1"]

{[%evp 26,34,11,8,29,37,13,-15,-1,-14,-3]} 1. d4 Nf6 2. c4 e6 3. Nc3 d5 4. cxd5 Nxd5 5. e4 Nxc3 6. bxc3 c5 7. Nf3 cxd4 8. cxd4 Bb4+ 9. Bd2 Bxd2+ 10. Qxd2 O-O 11. Bc4 Nd7 12. Rd1 b6 13. O-O Bb7 14. Rfe1 Nf6 {D41: Queen's Gambit Declined: Semi-Tarrasch with 5 cxd5} (14... Rc8 15. Bb3 Re8 16. h3 Nf6 17. Qf4 Nh5 18. Qh2 h6 19. h4 a5 20. g4 Nf6 21. Qf4 b5 22. Ne5 {½-½ (50) Adhiban,B (2683)-Ding,L (2812) Astana 2019}) 15. d5 exd5 {[#]} 16. Bxd5 $146 ({Predecessor:} 16. exd5 Qd6 17. Nd4 Ng4 18. g3 Ne5 19. Bb3 Bxd5 {1-0 (28) Zanan,E (2514)-Gaehwiler,G (2414) Skopje 2019}) 16... Bxd5 17. exd5 {Threatens to win with d6.} Qd6 $1 *

[Event "Panevezys Elite Open 2019"]
[Site "Panevezys"]
[Date "2019.06.26"]
[Round "5.5"]
[White "Sulskis, Sarunas"]
[Black "Krivonosov, Oleg"]
[Result "*"]
[WhiteElo "2528"]
[BlackElo "2411"]
[Annotator "TA"]
[PlyCount "32"]
[EventDate "2019.06.24"]
[EventType "swiss"]
[EventCountry "LTU"]
[SourceTitle "playchess.com"]
[Source "ChessBase"]
[SourceQuality "1"]

{[%evp 13,22,-63,-65,-55,-64,-65,-62,-61,-60,-63,-57]} 1. e4 e5 2. Nf3 Nc6 3. d4 exd4 4. Bc4 Nf6 5. O-O Nxe4 6. Re1 d5 7. Nc3 dxc3 {Black is slightly better.} 8. Bxd5 {[#] aiming for Ng5. C56: Two Knights: 4 d4 exd4 5 0-0 Nxe4} Be6 ({Don't do} 8... f5 9. Ng5 $17) 9. Bxe4 Qxd1 10. Rxd1 cxb2 $1 11. Bxb2 f6 $1 {Predecessor:} 12. Re1 $146 Kf7 13. Bc3 Bc5 14. Rab1 Bb6 15. a4 a6 16. Bxc6 bxc6 {0-1 (44) Ponelis,A (2252)-Anokhin,Y (2393) ICCF email 2016} *

[Event "Panevezys Elite Open 2019"]
[Site "Panevezys"]
[Date "2019.06.26"]
[Round "5.6"]
[White "Stremavicius, Titas"]
[Black "Juksta, Karolis"]
[Result "*"]
[WhiteElo "2477"]
[BlackElo "2261"]
[Annotator "TA"]
[PlyCount "35"]
[EventDate "2019.06.24"]
[EventType "swiss"]
[EventCountry "LTU"]
[SourceTitle "playchess.com"]
[Source "ChessBase"]
[SourceQuality "1"]

{[%evp 18,21,-10,-22,0,0]} 1. g3 d5 2. Bg2 e5 3. d3 Nf6 4. Nf3 Nc6 5. O-O Be7 6. c4 O-O 7. cxd5 Nxd5 8. Nc3 Be6 9. Bd2 Nb6 10. a3 f6 {A29: English Opening: Four Knights Variation with 4 g3} (10... Qd7 11. Rc1 Bh3 12. Na4 Rad8 13. Nc5 Bxc5 14. Rxc5 f6 15. Qc2 Bxg2 16. Kxg2 Rfe8 17. Be3 Kh8 18. b4 {1-0 (66) Nakamura,H (2644)-Ganguly,S (2579) ICC INT 2006}) 11. Na4 {Predecessor:} Qd7 $146 12. Rc1 Rad8 13. Nxb6 axb6 14. Qc2 Rfe8 15. Be3 Bd5 16. Rfd1 f5 17. d4 e4 18. Ne5 {0-1 (51) Gvetadze,S (2308)-Sargsyan,S (2481) Batumi 2018} *

[Event "Panevezys Elite Open 2019"]
[Site "Panevezys"]
[Date "2019.06.26"]
[Round "5.7"]
[White "Cholleti Sahajasri"]
[Black "Ulybin, Mikhail"]
[Result "*"]
[WhiteElo "2207"]
[BlackElo "2474"]
[Annotator "TA"]
[PlyCount "41"]
[EventDate "2019.06.24"]
[EventType "swiss"]
[EventCountry "LTU"]
[SourceTitle "playchess.com"]
[Source "ChessBase"]
[SourceQuality "1"]

{[%evp 21,27,30,54,53,53,52,59,59]} 1. Nf3 c5 2. c4 Nf6 3. Nc3 b6 4. g3 Bb7 5. Bg2 e6 6. O-O Be7 7. d4 cxd4 8. Qxd4 d6 9. Rd1 a6 10. Bg5 Nbd7 11. Qd2 O-O 12. Bf4 {White is slightly better. A30: Symmetrical English: Double Fianchetto and Hedgehog} Ne8 13. e4 Qc7 14. Rac1 {Predecessor:} Rd8 $146 15. Qe2 Nef6 16. b3 Ng4 17. h3 Nge5 18. Nd4 Qb8 19. Be3 Rfe8 20. f4 Nc6 21. Nf3 {½-½ (54) Efimenko,Z (2654)-Gurevich,V (2470) Germany 2010} *

[Event "Panevezys Elite Open 2019"]
[Site "Panevezys"]
[Date "2019.06.26"]
[Round "5.8"]
[White "Zhukov, Anton"]
[Black "Stauskas, Lukas"]
[Result "*"]
[WhiteElo "2178"]
[BlackElo "2306"]
[Annotator "TA"]
[PlyCount "25"]
[EventDate "2019.06.24"]
[EventType "swiss"]
[EventCountry "LTU"]
[SourceTitle "playchess.com"]
[Source "ChessBase"]
[SourceQuality "1"]

{[%evp 13,25,11,11,16,12,0,0,-12,-17,-84,-75,-75,-85,-199]} 1. d4 Nf6 2. c4 e6 3. Nf3 d5 4. Nc3 Be7 5. Bf4 O-O 6. e3 b6 7. cxd5 Nxd5 8. Nxd5 {D37: Queen's Gambit Declined: 5 Bf4} Qxd5 9. Bd3 Qa5+ 10. Ke2 (10. Kf1 Ba6 11. Bxc7 Bxd3+ 12. Qxd3 Na6 13. Bg3 Nb4 14. Qe2 Rfc8 15. a3 Qa4 {0-1 (54) Caruana,F (2832)-Nakamura,H (2746) London 2018}) 10... c5 11. dxc5 $146 (11. Qd2 $11 {remains equal.}) ({Predecessor:} 11. Qd2 Qxd2+ 12. Kxd2 Bb7 13. dxc5 Nd7 14. cxb6 Nc5 15. Bc4 axb6 {½-½ (25) Akobian,V (2635)-Zherebukh,Y (2637) ICC INT 2015}) 11... Rd8 $17 {[#] White must now prevent ...Ba6.} 12. Bd6 Ba6 {[%mdl 1024] Black has strong compensation.} 13. Nd4 (13. b4 $17 {was necessary.} Qxb4 14. Bxa6 (14. Rb1 $2 Qa5 $19) 14... Nxa6 15. Qb3 Bxd6 16. Qxb4 Nxb4 17. cxd6) *